[Event "Titled Tue 10th Jun Late"]
[Site "chess.com INT"]
[Date "2025.06.10"]
[Round "4"]
[White "Vazelakis, Dimitrios"]
[Black "Swara Lakshmi S Nair"]
[Result "0-1"]
[BlackTitle "WCM"]
[WhiteElo "1857"]
[BlackElo "2187"]
[WhiteFideId "4203674"]
[BlackFideId "25629239"]
[EventDate "2025.06.10"]

1. d4 Nf6 2. Nc3 d5 3. Bf4 g6 4. e3 Bg7 5. h4 h5 6. Nf3 O-O 7. Ne5 c5 8. dxc5
Nc6 9. Qd2 Qa5 10. a3 Qxc5 11. O-O-O Rd8 12. Be2 Bf5 13. f3 d4 14. exd4 Rxd4 15.
Qe3 Rxd1+ 16. Rxd1 Qxe3+ 17. Bxe3 Nxe5 18. Bc5 Nc6 19. Bb5 Bf8 20. Re1 a6 21.
Ba4 Be6 22. Re3 Rd8 23. Re1 Nd5 24. Ne4 Nf4 25. Ng5 Rd5 26. Nxe6 Nxe6 27. Be3
Ncd4 28. c3 Nf5 29. Bf2 Nc5 30. Bc2 Nd3+ 31. Bxd3 Rxd3 32. g4 hxg4 33. fxg4 Nd6
34. h5 Rf3 35. Bd4 Rf4 36. hxg6 fxg6 37. g5 Kf7 0-1

[Event "Titled Tue 10th Jun Late"]
[Site "chess.com INT"]
[Date "2025.06.10"]
[Round "4"]
[White "Schernthaner, David"]
[Black "Chen, Yidong"]
[Result "1-0"]
[WhiteTitle "FM"]
[WhiteElo "2401"]
[BlackElo "2074"]
[WhiteFideId "1649574"]
[BlackFideId "8607028"]
[EventDate "2025.06.10"]

1. b3 d5 2. Bb2 c5 3. Nf3 Nc6 4. e3 Bg4 5. Bb5 e6 6. Bxc6+ bxc6 7. h3 Bh5 8. O-O
Nf6 9. d3 Bd6 10. Nbd2 O-O 11. c4 Nd7 12. Qe2 Qe7 13. Rac1 Rfe8 14. cxd5 cxd5
15. e4 Bf4 16. Rc2 h6 17. Re1 Qd6 18. exd5 Qxd5 19. Qe4 Bd6 20. Nc4 Bf8 21. Ne3
Bxf3 22. gxf3 Qg5+ 23. Kh1 Qh5 24. Qg4 Qxg4 25. fxg4 Rac8 26. Kg2 Red8 27. Nc4
Nb6 28. Rd1 Nd5 29. Be5 Nb4 30. Rcd2 Rd5 31. a3 Nc6 32. Bc3 Rcd8 33. Kf3 Nd4+
34. Bxd4 Rxd4 35. Ke3 Be7 36. Ke2 Bg5 37. Rc2 Kf8 38. Na5 R4d5 39. Rc4 Ke7 40.
f4 Bf6 41. Nc6+ Ke8 42. Nxd8 Kxd8 43. Rdc1 Bb2 44. R1c2 Bxa3 45. Ra2 Bb4 46.
Rxa7 Ke8 47. Ke3 Kf8 48. Ke4 g6 49. d4 Be1 50. Rxc5 1-0

[Event "Titled Tue 10th Jun Late"]
[Site "chess.com INT"]
[Date "2025.06.10"]
[Round "4"]
[White "Tsydypov, Zhamsaran"]
[Black "Henriquez Villagra, Cristobal"]
[Result "1-0"]
[WhiteTitle "GM"]
[BlackTitle "GM"]
[WhiteElo "2514"]
[BlackElo "2597"]
[WhiteFideId "4108566"]
[BlackFideId "3409350"]
[EventDate "2025.06.10"]

1. e4 c6 2. d4 d5 3. e5 c5 4. dxc5 e6 5. Qg4 Nd7 6. Bb5 h5 7. Qf4 Ne7 8. Nf3 Ng6
9. Qe3 Qa5+ 10. Nc3 a6 11. c6 axb5 12. cxd7+ Bxd7 13. O-O Rc8 14. Nd4 Bc5 15.
Nce2 Qd8 16. c3 Qh4 17. f4 Ne7 18. Qd3 Qg4 19. Be3 Qg6 20. Qxg6 fxg6 21. a3 Bxd4
22. Bxd4 Nf5 23. g3 Kf7 24. Kf2 Rc4 25. h3 Rcc8 26. Rh1 Ra8 27. g4 Ne7 28. Kf3
Nc6 29. Rag1 Rh6 30. Ke3 Rah8 31. g5 R6h7 32. Bc5 Ra8 33. Kd3 Rhh8 34. Kc2 Ra4
35. b3 Ra6 36. Kb2 Rha8 37. Rd1 b4 38. cxb4 Rxa3 39. Nc3 b5 40. Nxb5 Ra2+ 41.
Kc3 Rg2 42. Rd2 Rg3+ 43. Kb2 Rb8 44. Nd6+ Kg8 45. b5 Na5 46. b4 Bxb5 47. bxa5
Ba4+ 48. Bb6 1-0

[Event "Titled Tue 10th Jun Late"]
[Site "chess.com INT"]
[Date "2025.06.10"]
[Round "4"]
[White "Atis, Hasan"]
[Black "Tanriverdi, Enes"]
[Result "0-1"]
[WhiteTitle "CM"]
[BlackTitle "IM"]
[WhiteElo "2089"]
[BlackElo "2413"]
[WhiteFideId "44598017"]
[BlackFideId "34543279"]
[EventDate "2025.06.10"]

1. e4 g6 2. d4 Bg7 3. Nc3 c6 4. Nf3 d5 5. h3 dxe4 6. Nxe4 Nf6 7. Nxf6+ exf6 8.
Bc4 O-O 9. O-O Nd7 10. Re1 Nb6 11. Bb3 a5 12. c3 a4 13. Bc2 Be6 14. Bf4 f5 15.
b3 Nd5 16. Bd2 c5 17. c4 Nb4 18. Bxb4 cxb4 19. Qd2 axb3 20. axb3 Rxa1 21. Rxa1
b5 22. Qxb4 bxc4 23. bxc4 g5 24. Rd1 g4 25. hxg4 fxg4 26. Ne5 Qg5 27. Qc3 h5 28.
Qd3 Rd8 29. Nc6 Ra8 30. d5 Bd7 31. Re1 h4 32. c5 g3 33. Ne7+ Kf8 34. fxg3 hxg3
35. c6 Qh4 36. cxd7 Bd4+ 37. Kf1 Qh1+ 38. Ke2 Qxg2+ 39. Kd1 Ra1+ 40. Bb1 Rxb1+
41. Qxb1 Qf3+ 42. Re2 Qf1+ 43. Kd2 Qf4+ 0-1

[Event "Titled Tue 10th Jun Late"]
[Site "chess.com INT"]
[Date "2025.06.10"]
[Round "4"]
[White "Yevchenko, Oleksandr"]
[Black "Yanev, Tihomir"]
[Result "0-1"]
[WhiteTitle "CM"]
[BlackTitle "IM"]
[WhiteElo "2276"]
[BlackElo "2354"]
[WhiteFideId "14108267"]
[BlackFideId "2910110"]
[EventDate "2025.06.10"]

1. c4 e6 2. e4 c5 3. Nc3 Nc6 4. Nf3 b6 5. d4 cxd4 6. Nxd4 Bb4 7. Nb5 a6 8. Nd6+
Bxd6 9. Qxd6 Qe7 10. Qd1 d6 11. Be2 Nf6 12. O-O O-O 13. Be3 Rb8 14. f3 Rd8 15.
Re1 Bd7 16. Qd2 Be8 17. Bf1 h6 18. Rad1 Qc7 19. Qf2 Ne5 20. Rd4 b5 21. cxb5 axb5
22. a3 Nc4 23. Bc1 Nxa3 24. bxa3 Qxc3 25. Bb2 Qa5 26. Red1 d5 27. Qg3 Kf8 28.
Kh1 b4 29. axb4 Rxb4 30. Rxb4 Qxb4 31. Bxf6 gxf6 32. exd5 Rxd5 33. Rxd5 exd5 34.
h3 d4 35. Kh2 Qc5 36. Bd3 Qe5 37. f4 Qe3 38. Qxe3 dxe3 39. Kg3 Bc6 40. Be2 Ke7
41. Kh2 Kd6 42. g3 Kc5 43. g4 Kd4 44. Kg1 Kc3 45. Kf1 Kd2 46. h4 Bg2+ 47. Kxg2
Kxe2 0-1

[Event "Titled Tue 10th Jun Late"]
[Site "chess.com INT"]
[Date "2025.06.10"]
[Round "4"]
[White "Deng, Henry"]
[Black "Salinas Herrera, Pablo"]
[Result "0-1"]
[WhiteTitle "FM"]
[BlackTitle "GM"]
[WhiteElo "2327"]
[BlackElo "2447"]
[WhiteFideId "30965454"]
[BlackFideId "3407128"]
[EventDate "2025.06.10"]

1. e4 d6 2. d4 Nf6 3. Bd3 g6 4. c3 Bg7 5. Nf3 O-O 6. O-O Nc6 7. Re1 e5 8. h3 Re8
9. Nbd2 Bd7 10. Nf1 Nh5 11. Bg5 Bf6 12. Be3 Qe7 13. Rc1 Bg7 14. g4 Nf6 15. d5
Nb8 16. c4 h5 17. g5 Nh7 18. h4 c5 19. dxc6 Nxc6 20. c5 dxc5 21. Bxc5 Qe6 22.
N1h2 Red8 23. Bc4 Qe8 24. Qe2 Nf8 25. Red1 Ne6 26. Be3 Ned4 27. Nxd4 exd4 28.
Bf4 Be6 29. Bb5 Bxa2 30. Bc7 Rdc8 31. Bg3 Qe6 32. Nf3 Bb3 33. Re1 Nb4 34. Qd2
Nc2 35. Rf1 Qxe4 36. Ne1 Bd5 37. f3 Qe3+ 38. Qxe3 Nxe3 39. Rxc8+ Rxc8 40. Rf2
Nf5 41. Bd7 Rc1 42. Bxf5 Rxe1+ 43. Kh2 gxf5 44. Rd2 Re3 45. Bf2 Rxf3 46. Bxd4
Bxd4 47. Rxd4 Bc6 48. Rd6 Kg7 49. Rh6 Rf2+ 50. Kg3 Rf3+ 51. Kh2 Re3 52. Rxh5 Re6
53. Kg3 Ba4 54. Kf4 Bd1 55. Rh6 Rxh6 56. gxh6+ Kxh6 57. Kxf5 Kh5 58. Kf6 Bb3 59.
Ke5 Kxh4 60. Kd4 a5 61. Kc5 a4 62. Kb6 f5 63. Kxb7 f4 64. Kb6 f3 65. Kc5 f2 66.
Kb4 f1=Q 67. Ka3 Qf8# 0-1

[Event "Titled Tue 10th Jun Late"]
[Site "chess.com INT"]
[Date "2025.06.10"]
[Round "4"]
[White "Lira, Suan Bruno Fernandes"]
[Black "Rustemov, Alexander"]
[Result "0-1"]
[BlackTitle "GM"]
[WhiteElo "2163"]
[BlackElo "2525"]
[WhiteFideId "22794620"]
[BlackFideId "4119002"]
[EventDate "2025.06.10"]

1. e4 e6 2. d4 d5 3. Nd2 dxe4 4. Nxe4 Bd7 5. Nf3 Bc6 6. Bd3 Nd7 7. Qe2 Ngf6 8.
Nxf6+ Nxf6 9. Bg5 Bxf3 10. Qxf3 Qd5 11. Qxd5 Nxd5 12. c3 Be7 13. Bd2 Rd8 14.
O-O-O c6 15. Rhe1 g6 16. Bh6 Bf6 17. g3 Kd7 18. h4 Rhg8 19. Rh1 Bg7 20. Bg5 Rde8
21. h5 Bf6 22. Bd2 Bg7 23. b4 Nf6 24. h6 Bf8 25. f3 Bd6 26. g4 b5 27. Kc2 Nd5
28. a4 a6 29. Ra1 Ra8 30. Ra2 Rgb8 31. Rha1 Nc7 32. f4 f5 33. gxf5 exf5 34. axb5
axb5 35. Rxa8 Rxa8 36. Rxa8 Nxa8 37. c4 Nc7 38. d5 cxd5 39. cxb5 Ne6 40. Kb3
Bxf4 41. Be1 Bxh6 42. Ka4 Bf4 43. b6 Nd8 44. Kb5 h5 45. Ka6 Nc6 46. Bb5 Kd6 47.
Kb7 Nd8+ 0-1

[Event "Titled Tue 10th Jun Late"]
[Site "chess.com INT"]
[Date "2025.06.10"]
[Round "4"]
[White "Bustelo, Tabare"]
[Black "Rueda Rojas, Richard Alejandro"]
[Result "1-0"]
[WhiteTitle "CM"]
[BlackTitle "FM"]
[WhiteElo "2043"]
[BlackElo "2090"]
[WhiteFideId "3000362"]
[BlackFideId "4491505"]
[EventDate "2025.06.10"]

1. e4 c5 2. b4 cxb4 3. Bc4 Qc7 4. d3 Nc6 5. Ne2 Nf6 6. h3 e6 7. Bf4 Bd6 8. Bg3
Bxg3 9. Nxg3 Qe5 10. Nd2 d5 11. Bb3 O-O 12. O-O a5 13. f4 Qd4+ 14. Kh1 a4 15. c3
Qxc3 16. Rc1 Qxd3 17. Rf3 Qd4 18. Bc2 dxe4 19. Ngxe4 Nxe4 20. Bxe4 Ne7 21. Rd3
Qf6 22. Qf3 Ng6 23. Rf1 Ra5 24. Nc4 Rc5 25. Nd6 b6 26. Bxg6 hxg6 27. Ne4 Qe7 28.
Nxc5 bxc5 29. Rfd1 Bb7 30. Qf2 Bd5 31. Re1 Qf6 32. Qxc5 Qb2 33. Rg3 Bxa2 34. f5
gxf5 35. Qe3 Bd5 36. Re2 Qa1+ 37. Kh2 a3 38. Re1 Qf6 39. h4 a2 40. h5 a1=Q 41.
h6 Kh7 42. hxg7 1-0

[Event "Titled Tue 10th Jun Late"]
[Site "chess.com INT"]
[Date "2025.06.10"]
[Round "4"]
[White "Adewumi, Tanitoluwa"]
[Black "Tang, Andrew"]
[Result "1-0"]
[WhiteTitle "FM"]
[BlackTitle "GM"]
[WhiteElo "2362"]
[BlackElo "2529"]
[WhiteFideId "30966396"]
[BlackFideId "2059630"]
[EventDate "2025.06.10"]

1. Nf3 d5 2. b3 Bg4 3. Bb2 Nd7 4. e3 Ngf6 5. h3 Bh5 6. Be2 c6 7. d4 e6 8. Nbd2
a5 9. a3 Bd6 10. c4 O-O 11. O-O Qe7 12. Qc2 Rfe8 13. Bd3 Bg6 14. e4 dxe4 15.
Nxe4 Nxe4 16. Bxe4 Bxe4 17. Qxe4 Nf6 18. Qc2 h6 19. Rfe1 b5 20. Ne5 Rec8 21. Qd3
Qb7 22. Qf3 a4 23. b4 bxc4 24. Rac1 Bxe5 25. dxe5 Nd5 26. Rxc4 c5 27. Bc1 cxb4
28. Rxb4 Qe7 29. Rg4 Kh8 30. Bd2 Rc2 31. Bb4 Qe8 32. Bd6 Rac8 33. Qg3 R2c3 34.
Qh4 Qb5 35. Kh2 R3c4 36. Ree4 Rxe4 37. Rxe4 Rc1 38. Rg4 Qf1 39. Qd8+ Kh7 40. Qf8
Qh1+ 41. Kg3 Rc3+ 42. f3 Qe1+ 43. Kh2 g5 44. Qxf7+ Kh8 45. Qxe6 1-0

[Event "Titled Tue 10th Jun Late"]
[Site "chess.com INT"]
[Date "2025.06.10"]
[Round "4"]
[White "Ersoz, Teoman Guney"]
[Black "Doric, Darko"]
[Result "1/2-1/2"]
[WhiteTitle "CM"]
[BlackTitle "IM"]
[WhiteElo "2052"]
[BlackElo "2444"]
[WhiteFideId "44537050"]
[BlackFideId "14507200"]
[EventDate "2025.06.10"]

1. d4 d5 2. Nc3 Nf6 3. Bg5 Nbd7 4. f3 h6 5. Bxf6 Nxf6 6. e4 e6 7. e5 Nd7 8. f4
g6 9. Nf3 c5 10. Qd2 a6 11. g3 b5 12. dxc5 Nxc5 13. a3 Bb7 14. O-O-O Qb6 15. Nd4
Be7 16. Bg2 b4 17. axb4 Qxb4 18. Kb1 Rb8 19. Na2 Qb6 20. g4 Ba8 21. b3 a5 22.
Rhe1 a4 23. Re3 O-O 24. h4 axb3 25. cxb3 Ne4 26. Bxe4 dxe4 27. f5 Bxh4 28. Rh3
e3 29. Qxe3 Bg5 30. Qc3 Rfc8 31. Qb2 Be4+ 32. Ka1 Rd8 33. fxe6 fxe6 34. Rh2 Be3
35. Rhd2 Bxd2 36. Qxd2 Qxd4+ 37. Qxd4 Rxd4 38. Rxd4 Bd5 39. Nc3 Bxb3 40. Rd7 Rc8
41. Ne4 g5 42. Nf6+ Kf8 43. Nh7+ Ke8 44. Nf6+ Kf8 45. Nh7+ Ke8 46. Nf6+ Kf8 1/2-1/2

[Event "Titled Tue 10th Jun Late"]
[Site "chess.com INT"]
[Date "2025.06.10"]
[Round "4"]
[White "Przybylski, Bartosz"]
[Black "Ozen, Batuhan"]
[Result "1-0"]
[WhiteTitle "CM"]
[BlackTitle "CM"]
[WhiteElo "2101"]
[BlackElo "2128"]
[WhiteFideId "21878323"]
[BlackFideId "6345123"]
[EventDate "2025.06.10"]

1. f3 e5 2. Kf2 d5 3. e3 f5 4. d4 e4 5. f4 Nf6 6. g3 c5 7. c3 Nc6 8. h3 cxd4 9.
cxd4 Bd6 10. Nc3 Be6 11. Kg2 a6 12. a3 h6 13. Kh2 g5 14. Be2 gxf4 15. gxf4 Rg8
16. Bd2 Qe7 17. Be1 Qg7 18. Bf1 Bf7 19. Bh4 Nh5 20. Nce2 Nf6 21. Qe1 Bh5 22. Qg3
Qf7 23. Qf2 Rc8 24. Rc1 Kd7 25. Ng3 Bg6 26. N1e2 Na5 27. Rxc8 Rxc8 28. Nc3 Nc4
29. Bxc4 Rxc4 30. Bxf6 Qxf6 31. Nxd5 Qf7 32. Nc3 Kc8 33. Nge2 Kb8 34. Rg1 Bh5
35. Qg2 Rc8 36. d5 Ka7 37. Nd4 Bc5 38. Qg7 Qe8 39. Nxf5 Bf3 40. Qh7 Bb6 41. Nd6
Qh5 42. Qxb7# 1-0

[Event "Titled Tue 10th Jun Late"]
[Site "chess.com INT"]
[Date "2025.06.10"]
[Round "4"]
[White "Lyakh, Vasiliy"]
[Black "Panarin, Mikhail"]
[Result "0-1"]
[BlackTitle "GM"]
[WhiteElo "2123"]
[BlackElo "2562"]
[WhiteFideId "14189828"]
[BlackFideId "4153251"]
[EventDate "2025.06.10"]

1. d4 Nf6 2. c4 e6 3. Nc3 Bb4 4. e3 b6 5. Ne2 Ne4 6. Qc2 Bb7 7. a3 Bxc3+ 8. Nxc3
Nxc3 9. Qxc3 d6 10. Bd3 Bxg2 11. Rg1 Bf3 12. Rxg7 Qf6 13. Rg1 Nd7 14. Bd2 O-O-O
15. e4 Rhg8 16. Rg3 h5 17. Bc2 Rxg3 18. hxg3 Rg8 19. Bf4 Bg4 20. f3 e5 21. dxe5
dxe5 22. fxg4 exf4 23. Qxf6 Nxf6 24. e5 Nxg4 25. gxf4 Ne3 26. Kd2 Nxc4+ 27. Kc3
Ne3 28. Be4 Rg3 29. Kb4 h4 30. Kb5 h3 31. Rh1 Kd8 32. Ka6 Nc4 33. Kxa7 Nxb2 34.
Kb7 Rxa3 35. f5 Nc4 36. Rd1+ Ke7 37. Bc6 Nxe5 38. Re1 Kf6 39. Bh1 Rc3 40. Re4
Kxf5 41. Rh4 Kg5 42. Rh8 f5 43. Bd5 b5 44. Rg8+ Kf4 45. Ka6 b4 46. Ka5 b3 47.
Kb4 b2 0-1

[Event "Titled Tue 10th Jun Late"]
[Site "chess.com INT"]
[Date "2025.06.10"]
[Round "4"]
[White "Bazan Romero, Octavio Aaron"]
[Black "Guliev, Gasan"]
[Result "1-0"]
[WhiteTitle "FM"]
[BlackTitle "CM"]
[WhiteElo "2289"]
[BlackElo "2123"]
[WhiteFideId "20003943"]
[BlackFideId "34165638"]
[EventDate "2025.06.10"]

1. d4 d5 2. Nc3 Nf6 3. Bf4 c6 4. e3 Qa5 5. Bd3 e6 6. Ne2 Be7 7. h4 h6 8. f3 Na6
9. a3 c5 10. dxc5 Nxc5 11. Bb5+ Ncd7 12. O-O a6 13. Bd3 e5 14. Bh2 Qb6 15. Kh1
g5 16. Bf5 Qd6 17. Qd2 Nb6 18. Bxc8 Rxc8 19. b3 Nh5 20. Rad1 Rd8 21. g4 Nf6 22.
h5 Qe6 23. Ng3 Bxa3 24. Nf5 Rh7 25. Ne4 Nxe4 26. fxe4 f6 27. c4 Rhd7 28. exd5
Nxd5 29. cxd5 Rxd5 30. Qe2 Qc6 31. Rxd5 Rxd5 32. Qg2 Bf8 33. Ng3 Rd3 34. Ne4
Rxe3 35. Nxf6+ Ke7 36. Ng8+ Ke8 37. Nf6+ Ke7 38. Nd5+ Ke6 39. Nxe3 Qc3 40. Qd5+
Ke7 41. Rf7+ 1-0

[Event "Titled Tue 10th Jun Late"]
[Site "chess.com INT"]
[Date "2025.06.10"]
[Round "4"]
[White "Saez Coma, Alejandro"]
[Black "Garcia Correa, Jose Ricardo"]
[Result "0-1"]
[WhiteTitle "CM"]
[BlackTitle "FM"]
[WhiteElo "2167"]
[BlackElo "2103"]
[WhiteFideId "32004818"]
[BlackFideId "5101832"]
[EventDate "2025.06.10"]

1. d4 Nf6 2. Nf3 e6 3. Bf4 Bd6 4. Bg3 Bxg3 5. hxg3 d6 6. c4 b6 7. Nc3 Bb7 8. e3
Nbd7 9. Be2 Qe7 10. O-O e5 11. Rc1 a6 12. b4 e4 13. Nd2 c5 14. bxc5 dxc5 15. d5
O-O-O 16. Qc2 Rde8 17. a4 a5 18. Rb1 Qe5 19. Rb3 h5 20. Rfb1 h4 21. g4 Kc7 22.
Nb5+ Kc8 23. Na7+ Kc7 24. Qb2 Qxb2 25. R1xb2 g5 26. Bd1 h3 27. g3 Rh6 28. Kh2
Ba6 29. Nc6 Bb7 30. Nxa5 Bxd5 31. cxd5 bxa5 32. Rb7+ Kd6 33. Nc4+ Kxd5 34. Bb3
Nxg4+ 35. Kh1 Nde5 36. Rd2+ Nd3 37. Nb2+ Kc6 38. Rxf7 Ngxf2+ 39. Rdxf2 Nxf2+ 40.
Rxf2 Rb8 41. Nc4 Rb4 42. Nxa5+ Kb6 43. Nc4+ Kc6 44. Ne5+ Kc7 45. Rf7+ Kd8 46.
Bd5 Rd6 47. Nc6+ Ke8 48. Nxb4 Rxd5 0-1

[Event "Titled Tue 10th Jun Late"]
[Site "chess.com INT"]
[Date "2025.06.10"]
[Round "4"]
[White "Onur, Cigdem"]
[Black "Hartge, Gedeon"]
[Result "0-1"]
[WhiteTitle "WCM"]
[BlackTitle "FM"]
[WhiteElo "1956"]
[BlackElo "2328"]
[WhiteFideId "6346030"]
[BlackFideId "12932116"]
[EventDate "2025.06.10"]

1. e4 d5 2. exd5 Qxd5 3. Nc3 Qa5 4. Bc4 Nf6 5. d3 Bg4 6. f3 Bh5 7. Qe2 e6 8. Bd2
c6 9. g4 Bg6 10. f4 Be7 11. O-O-O Qc7 12. Re1 h5 13. g5 Nd5 14. Bxd5 cxd5 15.
Nf3 Nc6 16. Nh4 Nd4 17. Qf2 Nf5 18. Nxg6 fxg6 19. Rxe6 d4 20. Nd5 Qd7 21. Nxe7
Qxe6 22. Re1 Qxe7 23. Rxe7+ Kxe7 24. Bb4+ Kf7 25. Qf3 Rhe8 26. Qxb7+ Kg8 27.
Qd5+ Kh7 28. b3 Rad8 29. Qc4 Re2 30. Kb2 Rxh2 31. Qf7 Re2 32. Bc5 Rc8 33. b4 a5
34. a3 axb4 35. axb4 Ree8 36. Qd7 Rcd8 37. Qa7 Ne3 38. Bxd4 Nf5 39. Be5 h4 40.
b5 h3 41. Qg1 Rh8 42. Qh2 Kg8 43. Qh1 h2 44. b6 Ng3 0-1

[Event "Titled Tue 10th Jun Late"]
[Site "chess.com INT"]
[Date "2025.06.10"]
[Round "4"]
[White "Huston, Gus"]
[Black "Papasimakopoulos, Alexandros"]
[Result "0-1"]
[WhiteTitle "IM"]
[BlackTitle "IM"]
[WhiteElo "2315"]
[BlackElo "2366"]
[WhiteFideId "30909090"]
[BlackFideId "4244125"]
[EventDate "2025.06.10"]

1. e4 e6 2. d4 d5 3. Nd2 Nf6 4. e5 Nfd7 5. Bd3 c5 6. c3 b5 7. Ne2 b4 8. O-O bxc3
9. bxc3 Ba6 10. Bxa6 Nxa6 11. Qa4 Qc8 12. Nb3 Be7 13. Ba3 O-O 14. Na5 Nab8 15.
Qb5 a6 16. Qb7 Qxb7 17. Nxb7 Nc6 18. Rab1 Rfc8 19. Nf4 Kf8 20. Rfd1 cxd4 21.
Bxe7+ Kxe7 22. cxd4 Rcb8 23. Ne2 Nd8 24. Nd6 f6 25. f4 Nf7 26. Nb7 Nd8 27. Na5
Rb5 28. Nb3 Rab8 29. Rbc1 a5 30. Nc3 R5b7 31. Nxa5 Ra7 32. Nb3 fxe5 33. fxe5 Rb4
34. Kf2 Rc4 35. Ke3 Nc6 36. Nd2 Rxd4 37. Nb5 Rxd2 38. Rxd2 Ra6 39. Rb2 Ndxe5 40.
Ke2 Nc4 41. Rbc2 Ra5 42. Rxc4 dxc4 43. Rxc4 Rxa2+ 44. Ke3 Ne5 45. Rc7+ Kf6 46.
Kf4 Rxg2 47. Nd6 g5+ 48. Ke4 Rg4+ 49. Ke3 Rh4 50. Ne8+ Kf5 0-1

[Event "Titled Tue 10th Jun Late"]
[Site "chess.com INT"]
[Date "2025.06.10"]
[Round "4"]
[White "Sindarov, Islombek"]
[Black "Liu, Jason"]
[Result "1-0"]
[WhiteTitle "CM"]
[BlackTitle "CM"]
[WhiteElo "2129"]
[BlackElo "2125"]
[WhiteFideId "14205475"]
[BlackFideId "2514656"]
[EventDate "2025.06.10"]

1. e4 e6 2. Qe2 b6 3. Nc3 Bb7 4. d4 Bb4 5. Bd2 Nf6 6. f3 d5 7. e5 Nfd7 8. a3
Bxc3 9. Bxc3 Ba6 10. Qe3 Bxf1 11. Kxf1 c5 12. Ne2 Nc6 13. f4 cxd4 14. Nxd4 Nxd4
15. Bxd4 Rc8 16. c3 Nc5 17. g3 Ne4 18. Kg2 Qd7 19. Rhf1 g6 20. Rad1 Qb5 21. b4
Ke7 22. Rf3 Rc6 23. f5 gxf5 24. Rdf1 Rcc8 25. Qh6 Rcg8 26. Qh4+ Kd7 27. Kg1 Rg6
28. Rxf5 exf5 29. Rxf5 Ke8 30. Qf4 Qd7 31. c4 Rhg8 32. cxd5 Rg4 33. e6 fxe6 34.
Qb8+ Qd8 35. Qe5 Qxd5 36. Qb8+ Qd8 37. Qe5 Qd5 38. Qb8+ Ke7 39. Qc7+ Qd7 40.
Rf7+ Kxf7 41. Qxd7+ Kg6 42. Qxe6+ Kh5 43. Qf5+ Ng5 44. Be3 Re8 45. Bxg5 1-0

[Event "Titled Tue 10th Jun Late"]
[Site "chess.com INT"]
[Date "2025.06.10"]
[Round "4"]
[White "Lin, Bryan Enming"]
[Black "Cuellar Montes, Alejandro"]
[Result "1-0"]
[WhiteTitle "FM"]
[BlackTitle "CM"]
[WhiteElo "2343"]
[BlackElo "2173"]
[WhiteFideId "30987121"]
[BlackFideId "32096836"]
[EventDate "2025.06.10"]

1. Nf3 Nf6 2. g3 g6 3. c4 Bg7 4. Bg2 O-O 5. O-O c6 6. d3 d5 7. Na3 Re8 8. Bf4
Nbd7 9. d4 Ne4 10. Qb3 Nb6 11. c5 Nd7 12. Nc2 e5 13. Nxe5 Nxe5 14. Bxe5 Nd2 15.
Qc3 Nxf1 16. Rxf1 Bf5 17. Ne1 Bxe5 18. dxe5 d4 19. Qb4 Qc7 20. f4 Rad8 21. Nd3
Bxd3 22. exd3 f6 23. exf6 Rf8 24. Re1 Rxf6 25. Re4 Qd7 26. Qe1 Rf7 27. h4 Qf5
28. b4 a5 29. a3 axb4 30. axb4 Kg7 31. Kh2 Qf6 32. Re6 Qf5 33. Re4 Rdd7 34. Bh3
Qd5 35. Be6 Qh5 36. Bxd7 Rxd7 37. Qe2 Qf5 38. g4 Qf7 39. Kg3 Qb3 40. Re7+ Rxe7
41. Qxe7+ Kg8 42. Qd8+ Kg7 43. Qxd4+ Kg8 44. Qc4+ Qxc4 45. dxc4 Kf7 46. Kf3 Ke6
47. Ke4 Kf6 48. f5 gxf5+ 49. gxf5 h5 50. Kf4 1-0

[Event "Titled Tue 10th Jun Late"]
[Site "chess.com INT"]
[Date "2025.06.10"]
[Round "4"]
[White "Leschinsky, Gary"]
[Black "Schracke, Guido"]
[Result "1-0"]
[BlackTitle "CM"]
[WhiteElo "1992"]
[BlackElo "2138"]
[WhiteFideId "30951321"]
[BlackFideId "4637054"]
[EventDate "2025.06.10"]

1. Nf3 c5 2. g3 Nc6 3. Bg2 d6 4. O-O Nf6 5. c4 g6 6. Nc3 Bg7 7. d4 cxd4 8. Nxd4
Bd7 9. b3 O-O 10. Bb2 a6 11. Rc1 Rc8 12. Nd5 Nxd5 13. Bxd5 Bh3 14. Re1 Qd7 15.
Bc3 Ne5 16. a4 Rfe8 17. Qd2 Ng4 18. Bf3 Rc5 19. Nc2 Rh5 20. Bxg7 Kxg7 21. Ne3
Kg8 22. Qd4 Rg5 23. Red1 Ne5 24. Bh1 Nc6 25. Qd2 Rh5 26. Bf3 Re5 27. Nd5 Bg4 28.
Qc3 Bxf3 29. Qxf3 Rf5 30. Qd3 Ne5 31. Qe4 Rh5 32. h4 Qh3 33. Nf4 Qg4 34. Qe3
Rxh4 35. Ng2 Rh5 36. Qf4 Qxf4 37. Nxf4 Rf5 38. Rd5 Kf8 39. c5 dxc5 40. Rcxc5 f6
41. e4 Rg5 42. Kg2 Nf7 43. Ne6+ Kg8 44. Nxg5 fxg5 45. Rd7 b6 46. Rcc7 Kf8 47.
Rb7 Ne5 48. Rdc7 1-0

[Event "Titled Tue 10th Jun Late"]
[Site "chess.com INT"]
[Date "2025.06.10"]
[Round "4"]
[White "Nigalidze, Gaioz"]
[Black "Aliyev, Elnur"]
[Result "1-0"]
[WhiteTitle "IM"]
[BlackTitle "CM"]
[WhiteElo "2368"]
[BlackElo "2123"]
[WhiteFideId "13603078"]
[BlackFideId "13402617"]
[EventDate "2025.06.10"]

1. e4 d5 2. Nc3 dxe4 3. Nxe4 Nd7 4. Bc4 Ndf6 5. Nc3 e5 6. Nf3 Bd6 7. h3 Ne7 8.
d3 O-O 9. Bg5 Ng6 10. Nd5 Be7 11. Nxe7+ Qxe7 12. O-O h6 13. Bd2 Be6 14. Bxe6
Qxe6 15. Re1 Qd5 16. Qe2 Rfe8 17. a3 Re6 18. Be3 b6 19. b4 Rae8 20. Qd2 Nh5 21.
c4 Qb7 22. d4 exd4 23. Nxd4 Rd6 24. c5 Rdd8 25. c6 Qc8 26. Rad1 Nf6 27. Qc2 Nd5
28. Nf5 Nxe3 29. Nxe3 Rxd1 30. Rxd1 Qe6 31. Rd7 Re7 32. Rd8+ Re8 33. Rxe8+ Qxe8
34. b5 Qe5 35. Qd3 Nf4 36. Qf5 Ne2+ 37. Kf1 Qxf5 38. Nxf5 Nc3 39. Nd4 Kf8 40.
Ke1 Ke7 41. Kd2 Ne4+ 42. Ke3 Nd6 43. a4 g6 44. Kd3 Kf6 45. f4 g5 46. g3 gxf4 47.
gxf4 Nf5 48. Nf3 Ke6 49. Kc4 1-0

[Event "Titled Tue 10th Jun Late"]
[Site "chess.com INT"]
[Date "2025.06.10"]
[Round "4"]
[White "Morris-Suzuki, Alan H"]
[Black "Sabatier, Mathis"]
[Result "1-0"]
[BlackTitle "CM"]
[WhiteElo "1987"]
[BlackElo "2235"]
[WhiteFideId "30933218"]
[BlackFideId "26029685"]
[EventDate "2025.06.10"]

1. Nf3 d5 2. b3 Nf6 3. Bb2 e6 4. g3 Be7 5. Bg2 O-O 6. O-O c5 7. c4 d4 8. e3 Nc6
9. exd4 cxd4 10. d3 Re8 11. Re1 a5 12. Na3 Bb4 13. Re2 a4 14. Nb5 a3 15. Bxd4
Nxd4 16. Nfxd4 Bc3 17. Nxc3 Qxd4 18. Nb5 Qb6 19. d4 Bd7 20. Nc3 Red8 21. Rd2 Qb4
22. Ne2 Bc6 23. Rc1 Bxg2 24. Kxg2 Ne4 25. Rd3 Qb6 26. f3 Nf6 27. Nc3 Qa5 28. Qd2
Qf5 29. Re1 h5 30. h4 Ra5 31. b4 Raa8 32. Re5 Qh7 33. Nb5 Nd7 34. Re1 Nb6 35.
Rc1 e5 36. d5 e4 37. Re3 exf3+ 38. Rxf3 Rac8 39. Nxa3 Re8 40. Qd3 Re4 41. c5 Na4
42. Rc4 Rxc4 43. Qxh7+ Kxh7 44. Nxc4 Re8 45. Nd6 Re2+ 46. Rf2 Rxf2+ 47. Kxf2 Nc3
48. Nxb7 Nxd5 49. b5 Nb4 50. c6 1-0